[Event "Speed Chess Championship 2020"]
[Site "Online"]
[Date "2020.11.12"]
[Round "1.16"]
[White "Martirosyan, Haik M."]
[Black "Nakamura, Hikaru"]
[Result "1/2-1/2"]
[WhiteElo "2622"]
[BlackElo "2736"]
[Annotator "TA"]
[PlyCount "135"]
[EventDate "2020.10.31"]
[EventType "k.o."]
[SourceTitle "playchess.com"]
[Source "ChessBase"]
[SourceQuality "1"]

{[%evp 12,134,17,16,10,21,20,15,15,12,14,13,14,9,19,13,26,14,15,15,15,15,15,15,12,7,63,72,82,46,60,47,105,98,110,83,87,89,74,89,75,77,89,71,95,74,105,113,111,111,139,128,150,14,13,13,50,43,51,69,199,14,16,1,313,271,368,122,129,0,271,271,271,239,239,236,236,236,236,114,271,174,361,361,657,174,174,174,174,174,879,879,684,238,238,238,238,238,238,0,56,16,20,0,0,0,0,0,0,0,0,0,0,0,0,0,0,0,0,0,0,0,0,0,0]} 1. d4 Nf6 2. Nf3 e6 3. c4 d5 4. Nc3 Be7 5. Bf4 O-O 6. e3 Nbd7 {6...b6 is the recent fashion.} 7. Be2 dxc4 {D37: Queen's Gambit Declined: 5 Bf4.} 8. O-O a6 9. a4 c5 10. d5 exd5 11. Nxd5 Nxd5 12. Qxd5 Nf6 13. Qxd8 Rxd8 14. Bc7 Re8 (14... Rf8 {feels hotter.} 15. Nd2 Be6 16. Nxc4 Rac8 17. Ba5 b5) 15. Bxc4 Be6 16. Bxe6 fxe6 17. a5 Nd5 18. Be5 {[#]} c4 $146 (18... Red8 $11) ({Predecessor:} 18... Bf6 19. Rfc1 Rac8 20. Rc4 Nb4 21. Bxf6 gxf6 22. Rac1 Nd3 23. R1c2 Red8 24. Kf1 Nb4 {½-½ (41) Cheparinov,I (2686)-Sunilduth Lyna,N (2618) chess24.com INT 2020}) 19. Rfc1 $14 Rac8 20. Nd2 Nb4 {White must now prevent ...Nd3.} 21. Rxc4 Nd3 ({Black should play} 21... Rxc4 $14 22. Nxc4 Rc8) 22. Bc3 $16 Bf6 23. Rb1 Rxc4 24. Nxc4 Bxc3 25. bxc3 {[%mdl 4096] Endgame KRN-KRN} Rc8 26. Nd6 Rxc3 27. g4 Rc2 28. Rxb7 {Threatening mate with Rb8+.} Rxf2 29. Rb3 Nc5 30. Rb6 $1 (30. Kxf2 $6 Nxb3 31. Nc4 Kf7 $11) 30... Nd3 31. Rxa6 h6 32. Rc6 (32. Ra8+ $16 Kh7 33. a6) 32... Ra2 $11 33. Nc4 Ne1 34. h3 Nf3+ 35. Kf1 e5 ({Better is} 35... Kf7 $14) 36. e4 $2 (36. a6 $18) 36... Kh7 $1 37. a6 {aiming for Rb6.} Kg8 $2 {[%mdl 8192]} (37... Nh2+ $1 $11 {and Black has nothing to worry.} 38. Ke1 Nf3+ 39. Kd1 Ra1+ 40. Kc2 Nd4+ 41. Kb2 Ra4) 38. Nd6 Rd2 39. Rc3 $2 (39. Rc8+ $18 {is the precise move to win.} Kh7 40. Rf8 (40. a7 Nh2+ 41. Kg1 Nf3+ 42. Kf1 Nh2+ 43. Kg1 Nf3+ 44. Kf1 $11) 40... Rxd6 41. a7 (41. Rxf3 Rxa6 42. Rf5 Ra1+ 43. Kg2 Ra2+ 44. Kg3 Ra3+ 45. Kg2 Ra2+ 46. Kg3 Ra3+ 47. Kg2 Ra2+ $11)) 39... Rxd6 $16 {[#] KRN-KR} 40. a7 ({Don't play} 40. Rxf3 $6 Rxa6 41. Rf5 Ra1+ 42. Ke2 Ra2+ 43. Kf3 Ra3+ 44. Kg2 Ra2+ 45. Kg3 Ra3+ 46. Kh2 Ra2+ 47. Kg1 Ra1+ 48. Kf2 Ra2+ 49. Kg3 Ra3+ 50. Kh2 Ra2+ 51. Kg1 Ra1+ 52. Kh2 Ra2+ $11) (40. Rc8+ $1 $16 Kf7 41. a7) 40... Ra6 $2 {[%mdl 8192]} (40... Rd8 $1 $11 {and Black is okay.}) 41. Rc8+ $18 ({And not} 41. Rxf3 Rxa7 42. Rf5 Ra1+ 43. Ke2 Ra2+ 44. Kf3 Ra3+ 45. Kg2 Ra2+ 46. Kg3 Ra3+ 47. Kh2 Ra2+ 48. Kg3 Ra3+ 49. Kh2 Ra2+ 50. Kg3 $11) 41... Kf7 42. a8=Q {White threatens Rf8+ and mate.} Nd2+ 43. Ke2 Rxa8 44. Rxa8 Nxe4 {KR-KN} 45. Ke3 (45. Ra7+ $18 {has better winning chances.} Kf6 46. h4) 45... Nf6 $2 (45... Nd6 $16 46. Rh8 g6) 46. Ra5 Ke6 $2 (46... g5 47. Rxe5 Kg6) 47. Ra7 g5 $2 (47... Nd5+ 48. Kf3 Kf6 49. Ra6+ Kg5) 48. Ra6+ $2 (48. Rg7 Nd5+ 49. Ke4) 48... Kf7 49. Kf3 Ke7 50. Ra7+ Ke6 $2 (50... Ke8 51. Rb7 Kf8) 51. Rg7 e4+ 52. Ke3 $2 (52. Kf2 Ke5 53. Rg6) 52... Ke5 {If Black can now play ...Nd5+ this consolidates a bit.} 53. Re7+ Kd6 {[#]} 54. Ra7 $1 {[%cal Ra7a5]} Ke5 {Black hopes to continue with ...Nd5+.} 55. Re7+ $2 (55. Ra5+ $18 Nd5+ 56. Kf2) 55... Kd6 $1 $14 {[%cal Rd6e7]} 56. Rf7 (56. Rb7 {is interesting.} Ke5 57. Kf2 Nd5 58. Rh7 Kf4 59. Rxh6 e3+ 60. Kg2) 56... Ke5 {The position is equal.} 57. Rxf6 Kxf6 58. Kxe4 h5 59. gxh5 $11 {KPP-KP} Kg7 60. Kf5 Kh7 61. Kxg5 {KP-KP. Cut Off at move 61} Kg7 62. h6+ Kh7 63. Kh5 Kh8 64. Kg5 Kh7 65. h4 Kh8 66. Kg6 $1 Kg8 67. h7+ Kh8 68. Kh6 {Black escapes into a draw.  Weighted Error Value: White=0.55/Black=0.38} 1/2-1/2

[Event "Speed Chess Championship 2020"]
[Site "Online"]
[Date "2020.11.02"]
[Round "1.16"]
[White "Nihal Sarin"]
[Black "Vachier-Lagrave, Maxime"]
[Result "1/2-1/2"]
[WhiteElo "2620"]
[BlackElo "2784"]
[Annotator "TA"]
[PlyCount "57"]
[EventDate "2020.10.31"]
[EventType "k.o."]

{[%evp 17,57,3,12,-20,0,0,37,22,19,-2,-3,-24,-10,-12,-11,-15,-15,-31,-6,-8,-6,-5,-7,-14,0,0,0,-3,0,-21,-1,-12,0,0,-4,-4,-3,0,0,0,0,-19]} 1. d4 Nf6 2. c4 e6 3. Nf3 b6 4. g3 Ba6 5. Qc2 Bb4+ 6. Bd2 Be7 7. Bg2 c6 8. O-O d5 9. b3 O-O $1 {[%mdl 4] is recently more successful than 9...Nbd7.} 10. Ne5 {E15: Queen's Indian: 4 g3 sidelines, 4 g3 Ba6 and 4 g3 Bb7 early deviations.} Nfd7 11. Nd3 Bb7 12. Nc3 {[#] White is slightly better.} Nf6 $146 ({Predecessor:} 12... Na6 13. e4 dxe4 14. Nxe4 Nf6 15. Bc3 Qc7 16. b4 Rad8 17. Rad1 Nb8 18. Qb2 Nbd7 {0-1 (52) Rodin,A-Novoselsky,O (2262) Kiev 2002}) 13. cxd5 cxd5 14. Ne5 Nc6 15. Nxc6 Bxc6 16. Qd3 Qd7 17. Rac1 Ba3 18. Rc2 {The position is equal.} Rac8 19. Bc1 Be7 20. Bb2 Rc7 21. Rfc1 Rfc8 22. e3 Bb7 23. Qd1 g6 24. Ne2 Ne4 25. Nf4 Rxc2 26. Rxc2 Rxc2 27. Qxc2 Qc6 28. Qxc6 Bxc6 29. Bf1 {An uneventful encounter. Av CentiPawn Loss W=-8/B=-7. Weighted=-8/-8} 1/2-1/2

[Event "Speed Chess Championship 2020"]
[Site "Online"]
[Date "2020.11.04"]
[Round "1.17"]
[White "Carlsen, Magnus"]
[Black "Maghsoodloo, Parham"]
[Result "1/2-1/2"]
[WhiteElo "2862"]
[BlackElo "2676"]
[Annotator "TA"]
[PlyCount "153"]
[EventDate "2020.10.31"]
[EventType "k.o."]
[SourceTitle "playchess.com"]
[Source "ChessBase"]
[SourceQuality "1"]

{[%evp 9,152,0,4,-4,16,7,12,6,19,0,8,5,12,18,12,21,22,11,27,0,4,10,39,37,45,41,52,52,43,48,79,31,72,0,0,0,0,0,0,0,9,5,38,-114,-107,-124,-114,-135,-143,-135,-144,-308,-318,-308,-314,-285,-277,-287,-287,-264,-210,-214,-125,-301,-284,-289,-225,-242,-224,-564,-559,-548,-564,-1159,-1148,-1133,-1133,-1131,-875,-1069,-622,-858,0,0,93,99,103,100,97,-240,-241,-219,-259,-259,-241,-199,-112,-112,-112,-112,-105,-105,-105,-105,-105,-105,-105,-105,-105,-112,-105,-105,-105,-105,-105,-105,0,0,0,-8,-8,-8,0,0,0,0,0,0,0,0,0,0,0,0,0,0,0,0,0,0,0,0,0,0,0]} 1. Nf3 Nf6 2. g3 b5 3. e3 a6 4. Bg2 Bb7 5. O-O e6 6. b3 {A05: Réti Opening: 1 Nf3 Nf6.} c5 7. Bb2 d6 8. c4 Nbd7 9. Qe2 Be7 {[#]} 10. Nc3 $146 ({Predecessor:} 10. d3 O-O 11. Nbd2 Qb6 12. d4 Rfc8 13. Rfc1 Ne4 14. Nxe4 Bxe4 15. Nd2 Bxg2 16. Kxg2 {0-1 (53) Ferretti,F (2315)-Stark,L (2438) ICC INT 2009}) 10... b4 11. Na4 O-O 12. d4 Qc7 13. Rfd1 Rad8 14. Nh4 Ne4 15. d5 $36 {[%mdl 2048] White has good play.} exd5 (15... Bxh4 $5 16. Bxe4 (16. gxh4 exd5 17. cxd5 f5 $11) 16... Bf6 $11) 16. Nf5 Bf6 17. cxd5 Bxb2 18. Qxb2 {[%csl Gf5][%cal Rb2g7]} Nef6 19. e4 Rfe8 20. f4 (20. g4 $5) 20... Bc8 {White should prevent ...Nb6.} 21. e5 ({White should play} 21. g4 $1 $16) 21... Nxe5 $1 $11 22. fxe5 Rxe5 23. Nh4 Rde8 24. Nf3 Re2 25. Rd2 R2e3 26. Rf1 $2 (26. Qc1 $1 $14 {keeps the upper hand.}) 26... Bd7 $1 $17 27. Qc1 Bb5 28. Re1 Rxe1+ 29. Nxe1 c4 {Threatens to win with ...c3.} 30. h3 $2 (30. Bf3 $17) 30... c3 $19 31. Rf2 Qa7 32. Bf3 {[#]} Ne4 $1 {[%mdl 512]} 33. Bxe4 Rxe4 34. Kg2 Qd4 35. Nf3 Qxd5 (35... Qd3 $1 $19 36. Qg5 g6 37. Qd8+ Re8) 36. Nb6 $2 (36. Nxc3 $17 bxc3 37. Qxc3) 36... Qc6 37. Nc4 f6 38. Ne3 d5 {[%mdl 1024] White must now prevent ...d4. Black has strong compensation.} 39. Nf5 $2 (39. Nc2 d4 40. Nxb4) 39... d4 40. g4 d3 41. Kg3 Qc7+ 42. Kg2 Bc6 43. Kg1 Qd7 44. Qd1 d2 45. Nxd2 {[#] If only White now had time for Qc1....} Qd3 $2 (45... Qd5 $1 $19 {[%mdl 512] ( -> ...Rxg4+!)} 46. Kh2 Qe5+ 47. Kg1 Re1+ 48. Qxe1 {[%mdl 64] Remove Defender} Qxe1+ 49. Nf1 Bb5) 46. Qf1 $11 Qxd2 (46... Qxf1+ $11 {keeps the balance.} 47. Nxf1 Re1) 47. Rxd2 $16 cxd2 48. Kh2 {aiming for Qd3.} Bb5 49. Qd1 $2 {[%mdl 8192]} (49. Qg1 $1 $16 {[%cal Rg1a7] stays on course.} Bd3 50. Kg3) 49... Re1 $1 $19 {[%cal Re1d1]} 50. Qxd2 Re2+ 51. Qxe2 Bxe2 {[%mdl 4096] Endgame KB-KN} 52. Nd4 {[#]} Bd3 (52... Bb5 $1 $19 53. Kg3 Kf7) 53. Nc6 $17 {[#]} a5 $1 {[%mdl 512]} 54. Nxa5 {White wants to play Nc6.} Bb1 55. Nc6 Bxa2 56. Nxb4 Bxb3 57. Kg3 Kf7 58. h4 g5 59. hxg5 fxg5 60. Nc6 Be6 61. Nd4 Kf6 62. Kf3 h6 (62... Bd7 $17 63. Ne2 Ke5) 63. Nxe6 $11 {The position is equal.} Kxe6 {KPP-KP} 64. Ke2 Kd7 65. Kd3 Kc6 {Hoping for ...Kd5.} 66. Ke4 $1 Kc5 67. Kf5 Kd6 (67... Kd4 {is more complex.} 68. Kg6 Ke5 69. Kxh6 Kf6 70. Kh5 Kf7) 68. Kg6 Ke6 69. Kxh6 {KP-KP} Kf7 70. Kh5 Kf8 71. Kxg5 {Kg6 would kill now. KP-K} Kg7 72. Kh5 {Intending Kg5 and mate.} Kh7 73. g5 Kg7 74. g6 Kg8 75. Kh6 Kh8 76. g7+ Kg8 77. Kg6 {Black had all chances to win. Av CentiPawn Loss W=1788/B=-76. Weighted=2124/-72} 1/2-1/2

[Event "Speed Chess Championship 2020"]
[Site "Online"]
[Date "2020.11.08"]
[Round "1.17"]
[White "So, Wesley"]
[Black "Abdusattorov, Nodirbek"]
[Result "1-0"]
[WhiteElo "2816"]
[BlackElo "2662"]
[Annotator "TA"]
[PlyCount "77"]
[EventDate "2020.10.31"]
[EventType "k.o."]
[SourceTitle "playchess.com"]
[Source "ChessBase"]
[SourceQuality "1"]

{[%evp 9,77,-12,0,-4,50,31,47,43,56,52,50,40,37,53,54,19,22,32,9,-43,-50,-111,-27,-141,0,-8,0,-23,-4,-17,0,0,0,0,0,-45,0,0,0,0,0,0,70,82,172,172,116,127,120,91,262,252,343,351,337,325,353,341,527,519,530,530,529,522,729,746,699,688,29976,29970]} 1. e4 c6 2. Nf3 d5 3. d3 dxe4 4. dxe4 Qxd1+ 5. Kxd1 g6 {[#]} 6. a4 $146 {B10: Caro-Kann: 2 d3 and 2 c4.} ({Predecessor:} 6. c3 Bg7 7. Nfd2 f5 8. f3 Nf6 9. exf5 Bxf5 10. Nc4 Na6 11. Ne3 O-O-O+ 12. Nd2 {½-½ (68) Andreikin,D (2726)-Vachier Lagrave,M (2784) chess.com INT 2020}) 6... f5 (6... Nf6 $11) 7. Bc4 $14 Bg7 8. Ng5 {White is slightly better.} Nf6 9. Bf7+ Kf8 {[#] Strongly threatening ...h6.} 10. Be6 Na6 $1 11. exf5 gxf5 12. Ke2 Nc7 13. Bxc8 Rxc8 14. Bf4 (14. Na3 $11) 14... Nfd5 $15 15. Bxc7 (15. Bc1 $15) 15... Nxc7 (15... Bxb2 $17 16. Ra2 Bf6 17. Ne6+ Kf7 18. Nd8+ {[%mdl 64] Double Attack} Ke8) 16. Nd2 (16. c3 $11) 16... e5 ({Black should try} 16... Bxb2 $17 17. Rab1 Bf6) 17. Nc4 Ke7 18. Rad1 Nd5 19. Ne3 Nxe3 (19... Kf6 {with more complications.} 20. Nf3 Rhd8 21. g3 e4 22. Nd4 f4) 20. fxe3 e4 21. Rhf1 Rcf8 (21... h6 $5 22. Nh3 $8 Rhf8 $11) 22. Rd2 {[#] Threatens to win with Rfd1.} h6 (22... Bxb2 $6 23. Rb1 $16) (22... Be5 $5 {[%cal Rh8g8]} 23. g3 Rhg8 $15) 23. Nh3 Be5 ({Reject} 23... Bxb2 $6 24. Rb1 $16) 24. Nf4 {Hoping for Ng6+.} Bxf4 25. Rxf4 $11 {[%mdl 4096] Endgame KRR-KRR} Ke6 (25... h5 $11) 26. g4 $1 $14 Rhg8 (26... fxg4 $16 27. Rxe4+ Kf5) 27. gxf5+ $18 Ke5 28. Rd4 Rg2+ 29. Kd1 Rfg8 $2 {This move loses the game for Black.} (29... Rxf5 $16 {keeps fighting.} 30. Rdxe4+ (30. Rfxe4+ Kf6 $14) 30... Kf6) 30. Rdxe4+ Kf6 31. Re6+ Kf7 32. Rxh6 c5 {intending ...Rd8+.} 33. b3 Rg1+ (33... b6 $142 34. f6 Rd8+ 35. Kc1 Rdd2 36. Rh7+ Kf8) 34. Ke2 Rc1 35. Kd3 Rd8+ 36. Kc3 Rg8 37. Kb2 Re1 38. f6 Rg2 39. Rh7+ {Av CentiPawn Loss W=-12/B=-63. Weighted=-16/-69} 1-0

[Event "Speed Chess Championship 2020"]
[Site "Online"]
[Date "2020.11.11"]
[Round "1.17"]
[White "Nepomniachtchi, Ian"]
[Black "Aronian, Levon"]
[Result "0-1"]
[WhiteElo "2784"]
[BlackElo "2781"]
[Annotator "TA"]
[PlyCount "94"]
[EventDate "2020.10.31"]
[EventType "k.o."]
[SourceTitle "playchess.com"]
[Source "ChessBase"]
[SourceQuality "1"]

{[%evp 9,94,0,12,13,2,0,0,-8,-17,-48,-46,-69,-70,-66,-66,-64,-19,-32,5,-105,-116,-121,-114,-138,-133,-134,-139,-166,-126,-143,-155,-208,-191,-315,-252,-329,-326,-301,-302,-547,-231,-245,-236,-315,-312,-383,-378,-433,-416,-412,-412,-479,-441,-429,-429,-428,-428,-521,-509,-1111,-841,-1062,-849,-1046,-631,-602,0,-927,-948,-29973,-29980,-29980,-29981,-29990,-29991,-29991,-29986,-29990,-29988,-29988,-29984,-29983,-29980,-29979,-29977,-29979,-29979]} 1. c4 Nf6 2. Nf3 e6 3. Nc3 d5 4. e3 c5 5. cxd5 exd5 6. Bb5+ {A17: English Opening: 1...Nf6 with ...Bb4.} Nc6 7. b3 Bd6 8. d4 {The position is equal.} (8. Bxc6+ $5 bxc6 9. O-O $15) 8... cxd4 9. Qxd4 O-O 10. Bxc6 bxc6 {[#]} 11. O-O $146 ({Predecessor:} 11. Bb2 c5 12. Qd3 Bb7 13. Ng5 h6 14. h4 d4 15. O-O-O dxc3 16. Bxc3 hxg5 17. hxg5 {0-1 (26) Lylov,I (2130)-Potkin,V (2295) Moscow 1998}) 11... Bg4 12. Bb2 Bxf3 13. gxf3 Nd7 {Threatens to win with ...Ne5.} 14. Ne2 (14. f4 $11) 14... Be5 $17 {Black continues to play with concentration.} 15. Qd2 Qf6 $1 $36 {[%mdl 2048] Black is on the roll.} 16. Rab1 Qxf3 17. Ng3 Rfe8 18. Rfc1 Re6 19. Qd1 {[#]} Qf6 $1 20. Qe2 (20. Bxe5 $17 Qxe5 21. Qg4) 20... Qh4 21. Qf3 (21. Bxe5 {is a better defense.} Nxe5 22. Qh5) 21... Rae8 22. Qg2 Rg6 23. Kh1 h5 24. Rg1 $2 (24. Bxe5 Nxe5 25. Rf1) 24... Bxg3 (24... Bxb2 $142 25. Rxb2 Qf6) 25. fxg3 $19 Qg4 26. Rbf1 Rxe3 27. Rf4 Qe6 28. Bd4 Re2 29. Qf3 Rxa2 30. Rf1 {[#]} Qh3 $1 {[%csl Ga2][%cal Rh3h2]} 31. Rf2 Rxf2 32. Qxf2 Rg4 33. Rf3 Re4 34. g4 (34. Re3 $142 Qg4 35. Rxe4 Qxe4+ 36. Kg1) 34... Qxg4 35. Bc3 Qe6 36. Rg3 Rg4 37. Re3 Re4 38. Rg3 Ne5 39. Qxa7 d4 {Black mates.} 40. Bd2 Qd5 {[%cal Re4e1]} 41. Qb8+ Kh7 {[%cal Re4e1]} 42. Kg1 Rg4 43. Be1 Nf3+ {[%mdl 64] Double Attack} 44. Kf2 Nxe1 45. Rxg4 Nd3+ 46. Ke2 Nc1+ {[%mdl 64] Double Attack} 47. Kd2 Nxb3+ {Weighted Error Value: White=0.80/Black=0.56} 0-1

[Event "Speed Chess Championship 2020"]
[Site "Online"]
[Date "2020.11.02"]
[Round "1.17"]
[White "Vachier-Lagrave, Maxime"]
[Black "Nihal Sarin"]
[Result "1-0"]
[WhiteElo "2784"]
[BlackElo "2620"]
[Annotator "TA"]
[PlyCount "73"]
[EventDate "2020.10.31"]
[EventType "k.o."]

{[%evp 9,73,21,33,33,41,43,48,45,47,35,72,69,81,75,110,72,158,159,233,229,229,85,161,159,168,120,111,97,109,103,135,67,107,58,73,60,89,50,81,72,111,111,100,114,131,126,123,133,119,121,134,131,250,241,593,593,586,586,586,579,622,562,653,577,635,623]} 1. e4 c6 2. Nf3 d5 3. Nc3 dxe4 4. Nxe4 Nf6 5. Qe2 Bf5 6. Nxf6+ {B11: Caro-Kann: Two Knights Variation.} gxf6 7. d3 e6 8. g3 {White is slightly better.} Nd7 9. Bg2 {[#]} Bb4+ $146 ({Predecessor:} 9... h5 10. Nh4 Bh7 11. O-O Be7 12. Bd2 f5 13. Nf3 Bf6 14. Bc3 h4 15. Nxh4 f4 {1-0 (32) Nepomniachtchi,I (2776)-Nakamura,H (2745) chess.com INT 2020}) 10. c3 Be7 11. O-O Qa5 12. Rd1 O-O (12... Bg4 $142) 13. Nd4 $16 Rfe8 (13... Bg6 $16 14. Nxe6 Rfe8) 14. b4 $18 Qe5 {[#]} 15. Qxe5 (15. Qf1 $1 $18 {And now Bf4 would win.} Qc7 16. Nxf5 exf5 17. d4) 15... Nxe5 (15... fxe5 $16 16. Nxf5 exf5) 16. Nxf5 exf5 17. Bh3 a5 18. bxa5 Rxa5 19. Rb1 Rxa2 20. Bxf5 (20. Rxb7 $16 {aiming for d4.} Ba3 21. Ra7 (21. Bxf5 Bxc1 22. Rxc1 Nf3+ 23. Kg2 Ne1+ 24. Kf1 Ree2 $11) 21... Nf3+ 22. Kg2) 20... b5 21. Be3 Bd6 {[#] White must now prevent ...Nf3+.} 22. Be4 Kg7 23. h3 Re7 24. Ra1 $36 {[%mdl 2048] Black is under strong pressure.} Rb2 25. Rdb1 Rxb1+ 26. Rxb1 Rc7 27. Kg2 Nd7 28. Ra1 Nc5 29. Bf5 Na4 30. c4 Nc3 (30... Nc5 $16 {is a better defense.} 31. d4 Nb3) 31. c5 Be7 $2 (31... Bf8 {is more resistant.} 32. d4 b4) 32. Bf4 {White is clearly winning.} Nd5 33. Bxc7 Nxc7 34. d4 b4 35. Rb1 Nd5 36. Bd3 f5 37. Bc4 {Av CentiPawn Loss W=-18/B=-37. Weighted=-17/-40} 1-0

[Event "Speed Chess Championship 2020"]
[Site "Online"]
[Date "2020.11.15"]
[Round "1.17"]
[White "Duda, Jan-Krzysztof"]
[Black "Caruana, Fabiano"]
[Result "1/2-1/2"]
[WhiteElo "2743"]
[BlackElo "2823"]
[Annotator "TA"]
[PlyCount "135"]
[EventDate "2020.10.31"]
[EventType "k.o."]
[EventCountry "NET"]
[SourceTitle "playchess.com"]
[Source "ChessBase"]
[SourceQuality "1"]

{[%evp 12,135,0,0,0,8,13,11,8,3,47,47,45,39,43,42,47,41,54,54,60,58,59,61,66,62,68,23,25,37,28,23,24,23,24,20,19,18,21,17,20,20,14,0,12,-9,23,23,31,23,27,23,23,23,23,0,30,30,30,31,30,24,115,115,115,115,115,115,115,115,115,115,115,115,115,115,115,115,115,115,115,115,115,115,115,115,115,115,115,115,115,115,115,115,115,115,115,115,115,115,115,115,115,115,115,115,115,115,115,115,115,115,115,115,494,0,115,0,115,0,115,0,115,115,115,0]} 1. d4 Nf6 2. c4 e6 3. Nc3 Bb4 4. e3 O-O 5. Bd3 c5 6. Nf3 d5 7. cxd5 exd5 {E53: Nimzo-Indian: Rubinstein: Main Line (4...0-0 5 Nf3 d5 6 Bd3 c5 7 0-0).} 8. dxc5 Nbd7 9. Be2 Nxc5 {The position is equal.} 10. Bd2 {[#]} Bf5 $146 ({Predecessor:} 10... Ne6 11. O-O a6 12. Qb3 Bd6 13. Rfd1 b5 14. Be1 Bb7 15. Nd4 Nc5 16. Qc2 Rc8 {0-1 (36) Harikrishna,P (2726)-Caruana,F (2828) Saint Louis 2019}) 11. a3 Bxc3 12. Bxc3 Nfe4 13. Bd4 Ne6 14. O-O Nxd4 15. Qxd4 Qd6 16. Rfd1 Rfd8 17. Rac1 h6 18. Bd3 Qe7 19. Qe5 Qxe5 20. Nxe5 Be6 21. Rc7 Rac8 22. Rdc1 Nd6 23. Rxc8 Rxc8 24. Rxc8+ Bxc8 $11 {[%mdl 4096] Endgame KBN-KBN} 25. Kf1 Kf8 26. Ke1 Ke7 27. Nf3 Bf5 28. Bf1 Be4 29. Nd4 g5 30. Kd2 h5 31. f3 Bg6 32. Kc3 h4 33. Nb5 Nxb5+ (33... Nf5 {looks sharper.} 34. Kd2 a6 35. Nc3 d4 36. Nd5+ Kd6) 34. Bxb5 {KB-KB} f6 35. Kd4 Kd6 36. Ba4 Bh5 (36... g4 $1 $11 {remains equal.}) 37. Bb3 $16 Bf7 38. e4 {[%cal Rb3d5]} b6 39. Bxd5 ({But not} 39. exd5 $6 b5 $11) 39... Be8 40. g3 hxg3 41. hxg3 Bd7 42. Bc4 Bc6 43. Bd3 Bd7 44. Bf1 a5 45. Bc4 Bc6 46. Bd5 {[#] Strongly threatening Bxc6.} Bd7 47. Bf7 Bc6 48. Bg6 Bd7 49. Bf5 {Hoping for Bxd7.} Bc6 50. f4 gxf4 51. gxf4 Bb7 52. Bh3 Bc6 53. Bg2 {Threatens to win with e5+.} Bd7 54. Bf3 Bb5 55. Bd1 Bc6 56. Bb3 Bb5 57. Bd5 Bd7 58. Bb7 Bb5 59. Ba8 Bd7 60. Bd5 Bb5 61. Bf7 {Cut Off at move 61} Bc6 62. Bh5 Bd7 $2 {[%mdl 8192] [#]} (62... Ke6 $16 {is a better chance.} 63. Bg4+ Kd6 64. e5+ fxe5+ 65. fxe5+ Ke7) 63. Bf3 $2 (63. e5+ $1 $18 {and the rest is easy.} fxe5+ 64. fxe5+ Ke7 65. Kd5) 63... Bb5 $1 64. Bd1 Bc6 65. Bb3 Bb5 $1 66. Bd5 Bd7 $1 67. Ke3 Bb5 68. Kd4 {Weighted Error Value: White=0.03/Black=0.05} ({Better is} 68. Ba2 $16) 1/2-1/2

[Event "Speed Chess Championship 2020"]
[Site "Online"]
[Date "2020.11.12"]
[Round "1.17"]
[White "Nakamura, Hikaru"]
[Black "Martirosyan, Haik M."]
[Result "1-0"]
[WhiteElo "2736"]
[BlackElo "2622"]
[Annotator "TA"]
[PlyCount "67"]
[EventDate "2020.10.31"]
[EventType "k.o."]
[SourceTitle "playchess.com"]
[Source "ChessBase"]
[SourceQuality "1"]

{[%evp 9,67,21,18,10,15,13,33,37,34,23,32,8,38,34,35,39,38,38,39,36,51,34,64,60,62,64,75,68,97,97,102,92,97,93,103,103,99,43,53,39,22,21,230,219,225,227,222,212,451,460,445,424,661,654,652,631,1126,1119,1312,1249]} 1. e4 e5 2. Nf3 Nc6 3. Bb5 Nf6 4. d3 Bc5 5. Bxc6 dxc6 6. Nbd2 {C65: Ruy Lopez: Berlin Defence (3...Nf6), unusual lines and 4 0-0 Bc5.} Nd7 7. Nc4 Bd6 {[#]} 8. d4 $146 {[%cal Rd4e5] White is slightly better.} ({Predecessor:} 8. b3 O-O 9. Bb2 Re8 10. O-O b6 11. g3 a5 12. a4 Ba6 13. Ne3 Bc5 14. Qe2 {0-1 (58) Caruana,F (2822)-Firouzja,A (2726) chess.com INT 2020}) 8... Qe7 9. O-O O-O 10. c3 f6 11. Re1 Nb6 12. Nxd6 cxd6 13. h3 Be6 14. b3 Bf7 15. Qd3 Bg6 16. Nh4 Qf7 17. Ba3 Rfd8 18. Rad1 d5 19. Nxg6 Qxg6 20. dxe5 fxe5 21. exd5 Nxd5 22. Qxg6 hxg6 23. Rxe5 (23. c4 $16 Nf6 24. Bb2) 23... Nxc3 $14 24. Rxd8+ Rxd8 $16 {[%mdl 4096] Endgame KRB-KRN} 25. Re7 {Threatens to win with Bb2.} Nb5 $2 {[#] This costs Black the game.} (25... b5 $11) 26. Bb2 $18 Rd2 27. Bxg7 Rxa2 28. Be5 b6 $2 (28... c5 {might work better.} 29. Rg7+ (29. Rxb7 Nd4 $18) 29... Kf8 30. Rxb7 a6) 29. Rg7+ {White is clearly winning.} Kf8 {intending ...Re2.} 30. Rxg6 c5 (30... Kf7 $142) 31. h4 Re2 32. f4 Nd4 33. h5 Nf5 34. Rf6+ {Weighted Error Value: White=0.04/Black=0.48} 1-0